|
|
|
|
| LEADER |
01373nam a22003257a 4500 |
| 001 |
34957 |
| 003 |
BD-DhAAL |
| 005 |
20211122115411.0 |
| 008 |
190729t20191992uk ||||| b||| 00| 0 eng d |
| 999 |
|
|
|c 40863
|d 40863
|
| 020 |
|
|
|a 9780241372081
|
| 020 |
|
|
|a 0521315638 (pbk.)
|
| 040 |
|
|
|a BD-DhAAL
|
| 082 |
|
|
|a 823.912
|2 19
|
| 100 |
|
|
|a Woolf, Virginia
|9 33239
|
| 245 |
|
|
|a The Waves /
|c Virginia Woolf ; with an introduction and notes by Kate Flint
|
| 260 |
|
|
|a London ;
|a India :
|b Penguin Books,
|c 2019
|
| 300 |
|
|
|a xlv- 240 pages ;
|c 20 cm.
|
| 504 |
|
|
|a Includes bibliographical references
|
| 526 |
|
|
|a ENH
|
| 541 |
|
|
|a Karim International
|e 34957, 34958
|
| 600 |
|
|
|a Woolf, Virginia,
|d 1882-1941.
|t Waves.
|9 33240
|
| 650 |
|
|
|a Identity (Psychology)
|v Fiction.
|9 33241
|
| 650 |
|
|
|a Friendship
|v Fiction.
|9 33242
|
| 650 |
|
|
|a English literature.
|9 42969
|
| 700 |
|
|
|a Flint, Kate
|9 33243
|
| 852 |
|
|
|a Ayesha Abed Library
|c General Stacks
|
| 942 |
|
|
|2 ddc
|c BK
|
| 952 |
|
|
|0 0
|1 0
|2 ddc
|4 0
|6 823_912000000000000_WOO
|7 0
|9 65812
|a BRACUL
|b BRACUL
|c GEN
|d 2019-07-22
|e Karim International
|g 625.00
|l 7
|m 33
|o 823.912 WOO
|p 3010034957
|r 2026-02-17
|s 2025-10-27
|t 1
|v 625.00
|w 2019-07-22
|y BK
|
| 952 |
|
|
|0 0
|1 0
|2 ddc
|4 0
|6 823_912000000000000_WOO
|7 0
|9 65813
|a BRACUL
|b BRACUL
|c GEN
|d 2019-07-22
|e Karim International
|g 625.00
|l 1
|m 10
|o 823.912 WOO
|p 3010034958
|r 2022-05-25
|s 2022-03-20
|t 2
|v 625.00
|w 2019-07-22
|y BK
|